Optimalizácia procesu montáže v podniku Konštrukta - Industry a. s., Trenčín = Optimalization of assembly process in enterprise Konštrukta - Industry a. s., Trenčín : Diplomová práca

Salvato in:
Dettagli Bibliografici
Autore principale: Geryk, Adrian (Autore)
Altri autori: Štefánek, Michal, 1940- (xxx)
Natura: Manoscritto Libro
Lingua:slovacco
Pubblicazione: Trnava : STU v Bratislave MTF UVTE KOM, 2009
Soggetti:
Tags: Aggiungi Tag
Nessun Tag, puoi essere il primo ad aggiungerne!!

MARC

LEADER 00000ntm a22000003a 4500
001 stu189214
005 20160719154431.5
008 090902s2009----xo------------------slo-d
040 |a STU  |b slo 
041 0 |a slo 
044 |a xo 
100 1 |a Geryk, Adrian  |4 aut 
245 1 |a Optimalizácia procesu montáže v podniku Konštrukta - Industry a. s., Trenčín = Optimalization of assembly process in enterprise Konštrukta - Industry a. s., Trenčín :  |b Diplomová práca 
260 |a Trnava :  |b STU v Bratislave MTF UVTE KOM,  |c 2009 
300 |a 62 s  |c 1 CD-ROM 
500 |a Študijný odbor: 5.2.51 výrobné technológie 
500 |a Študijný program: obrábanie a montáž 
650 7 |a montáž  |2 stusub 
650 7 |a výrobný proces  |2 stusub 
700 1 |a Štefánek, Michal,  |d 1940-  |4 xxx  |u M160  |U MTF Ústav výrobných technológií  |T MTF Katedra obrábania a montáže  |X 1475  |U M160  |Y M160  |7 A000001475 
700 1 |a Varhaník, Stanislav  |4 csl 
996 |b 284M077131  |c M*DP-8209  |l MMSKP  |s P  |a 0  |w stu189214_0001